000 01284cam a2200145 4500500
005 20260405085539.0
041 _afre
042 _adc
100 1 0 _aEspagne, Michel
_eauthor
700 1 0 _aKalinowski, Isabelle
_eauthor
245 0 0 _aFranz Boas : Le travail du regard
260 _bArmand Colin,
_c2013.
520 _aGrande figure oubliée de l’émigration scientifique allemande, pionnier de l’ethnographie de terrain et père fondateur de l’anthropologie américaine, Franz Boas (Minden, 1859 – New York, 1942) fait l’objet, depuis quelques années, d’une véritable redécouverte, aux États-Unis comme en Europe. Les travaux de Boas et ses élèves sur les langues indiennes, les structures sociales et religieuses, l’art et ses motifs décoratifs – mais aussi sur les mythologies, les modalités des échanges culturels et économiques (le potlatch), leurs innovations iconographiques (usage de la photographie et du dessin) – commencent à être réévalués dans toute leur richesse et leur inventivité, révélant l’engagement de celui qui fut l’un des premiers défenseurs des minorités indiennes et un pourfendeur inlassable du racisme.
856 4 1 _uhttps://shs.cairn.info/franz-boas--9782200285470?lang=fr&redirect-ssocas=7080
999 _c2198439
_d2198438